Trabajo decente y equidad de género en América Latina /

সংরক্ষণ করুন:
গ্রন্থ-পঞ্জীর বিবরন
প্রধান লেখক: Abramo, Laís
অন্যান্য লেখক: ed.
বিন্যাস: পাঠ‍্য
প্রকাশিত: Santiago: OIT
বিষয়গুলি:
ট্যাগগুলো: ট্যাগ যুক্ত করুন
কোনো ট্যাগ নেই, প্রথমজন হিসাবে ট্যাগ করুন!

MARC

LEADER 00000 a a2200000 04500
001 35239
003
040
090 |a 1002 A161t  
100 |a Abramo, Laís  
245 |a Trabajo decente y equidad de género en América Latina /  |c Laís Abramo 
260 |a Santiago:   |b OIT  
300 |a 324 p.  
650 |a DISCRIMINACION  
650 |a TRABAJO  
650 |a TEORIA  
650 |a POLITICA GUBERNAMENTAL  
650 |a AMERICA LATINA  
700 |a ed.  
999 |c 11536  |d 11536